US States Bordering the Ocean - Statistics

General Stats
  • This quiz has been taken 1,047 times
  • The average score is 20 of 23
Answer Stats
Answer % Correct
California
99%
Florida
97%
Washington
97%
Maine
96%
Oregon
96%
North Carolina
95%
New York
94%
South Carolina
94%
Georgia
93%
Alabama
91%
Texas
91%
New Jersey
89%
Rhode Island
88%
Virginia
88%
Maryland
87%
Delaware
85%
Louisiana
85%
Mississippi
82%
Connecticut
81%
Alaska
80%
Massachusetts
80%
Hawaii
79%
New Hampshire
74%
No matching quizzes found
Score Distribution
Percent of People with Each Score
Percentile by Number Answered
Your Score History
You have not taken this quiz